000 00717nam a2200253 i 4500
001 103391
003 ES-MaBCM
005 20241016135830.0
008 041209s1979 fra 000 0 fre d
020 _a2-7089-7509-9
021 _axx
035 _a(OCoLC)1365246119
040 _cES-MaBCM
041 0 _afre
043 _afra
100 1 _aCollenot, René
_910308
245 1 0 _aUn contre-pouvoir régional
_b: le GETIS dans les Pays de l'Adour
_cRené Collenot
260 _a[Tolouse] :
_bAgir Privat,
_c[1979]
300 _a264 p.
_c21 cm
650 2 7 _aRegionalismo
_960053
651 4 _aFrancia
_9115364
710 2 _aGroupe d'Etude et d'Initiative au Service des Pays de l'Adour
_952111
942 _cBK
999 _c103391
_d103391